Kapitäne der deutschen Nationalmannschaft bei WM und EM - Statistiken

Allgemein
  • Dieses Quiz wurde 92 mal gespielt
  • Das Durchschnittsergebnis liegt bei 11 aus 18
Antwortstatistiken
Turniere als Kapitän Spieler % Korrekt
3 (2018, 2021, 2022) Manuel Neuer
99%
3 (2010, 2012, 2014) Philipp Lahm
94%
3 (1988, 1990, 1994) Lothar Matthäus
91%
3 (1972, 1974, 1976) Franz Beckenbauer
88%
2 (2002, 2004) Oliver Kahn
88%
1 (2016) Bastian Schweinsteiger
86%
2 (2006, 2008) Michael Ballack
81%
1 (2024) Ilkay Gündogan
74%
2 (1996, 1998) Jürgen Klinsmann
61%
1 (1954) Fritz Walter
59%
3 (1982, 1984, 1986) Karl-Heinz Rummenigge
58%
2 (1966, 1970) Uwe Seeler
54%
1 (2000) Oliver Bierhoff
38%
1 (1992) Andreas Brehme
32%
1 (1978) Berti Vogts
31%
2 (1958, 1962) Hans Schäfer
19%
1 (1980) Bernard Dietz
11%
2 (1934, 1938) Fritz Szepan
8%
Keine übereinstimmenden Quizze gefunden
Verteilung der Resultate
Anzahl Personen mit jedem Resultat
Perzentil nach korrekt beantworteten Fragen
Ihre Resultats-Entwicklung
Sie haben dieses Quiz noch nicht gespielt